[Event "Rheinland Pfalz op Seniors 16th"]
[Site "Neustadt an der Weinstrasse"]
[Date "2018.07.11"]
[Round "5"]
[White "Krebs, Dietmar"]
[Black "Reinke, Kurt"]
[Result "1/2-1/2"]
[WhiteElo "2013"]
[BlackElo "1779"]
[PlyCount "126"]
[EventDate "2018.07.07"]
[EventType "swiss"]
[EventRounds "9"]
[EventCountry "GER"]
[SourceTitle "EXT 2019"]
[Source "ChessBase"]
[SourceDate "2018.10.10"]
[SourceVersion "1"]
[SourceVersionDate "2018.10.10"]
[SourceQuality "1"]

1. e4 c5 2. Nf3 d6 3. d4 cxd4 4. Nxd4 Nf6 5. Nc3 a6 6. Bc4 Qc7 7. Bb3 e5 8. Nde2 Be6 9. 0-0 Be7 10. f3 0-0 11. Be3 b5 12. Qd2 Nbd7 13. a4 Nc5 14. Bxe6 fxe6 15. axb5 d5 16. exd5 exd5 17. Nxd5 Nxd5 18. Qxd5+ Kh8 19. Nc3 Rad8 20. Qc4 axb5 21. Nxb5 Qc8 22. Ra7 Rd7 23. Rxd7 Nxd7 24. Qe6 Bc5 25. Bf2 Rf6 26. Qd5 Rc6 27. Nc3 Rd6 28. Qe4 Bxf2+ 29. Rxf2 Rd4 30. Qe2 h6 31. Ne4 Nb6 32. c3 Rd7 33. b3 Nd5 34. c4 Nf4 35. Qc2 Qd8 36. Rd2 Nd3 37. Nf2 Nf4 38. Rxd7 Qxd7 39. g3 Ne6 40. Qd3 Qb7 41. Ne4 Nd4 42. f4 Nxb3 43. fxe5 Qa7+ 44. Kg2 Nc1 45. Qc2 Qe3 46. Nf2 Ne2 47. Qe4 Qxe4+ 48. Nxe4 Kg8 49. Kf3 Nd4+ 50. Kf4 g5+ 51. Nxg5 hxg5+ 52. Kxg5 Nf3+ 53. Kf6 Nxh2 54. c5 Ng4+ 55. Ke6 Ne3 56. c6 Nc4 57. c7 Nb6 58. Kd6 Kf8 59. Kc6 Nc8 60. Kd7 Nb6+ 61. Kd8 Kf7 62. c8Q Nxc8 63. Kxc8 Ke6 1/2-1/2

[Event "Schleswig Holstein-ch Seniors op 11th"]
[Site "Buesum"]
[Date "2017.09.14"]
[Round "7"]
[White "Ehlert, Horst"]
[Black "Reinke, Kurt"]
[Result "1-0"]
[WhiteElo "1965"]
[BlackElo "1793"]
[PlyCount "47"]
[EventDate "2017.09.08"]
[EventType "swiss"]
[EventRounds "9"]
[EventCountry "GER"]
[SourceTitle "EXT 2019"]
[Source "ChessBase"]
[SourceDate "2018.10.10"]
[SourceVersion "1"]
[SourceVersionDate "2018.10.10"]
[SourceQuality "1"]

1. Nf3 d5 2. d4 c6 3. e3 Nf6 4. Bd3 Bg4 5. 0-0 e6 6. Nbd2 Bd6 7. e4 dxe4 8. Nxe4 Nxe4 9. Bxe4 Nd7 10. c4 Nf6 11. Bd3 Qc7 12. h3 h5 13. Re1 0-0-0 14. hxg4 Bh2+ 15. Nxh2 hxg4 16. g3 Rxd4 17. Be3 Rd7 18. Qe2 Qd8 19. Rad1 Rh3 20. Qf1 Qh8 21. Qg2 Qh5 22. Bf1 Qa5 23. Rxd7 Qxe1 24. Rxf7 1-0

[Event "Schleswig Holstein-ch Seniors op 11th"]
[Site "Buesum"]
[Date "2017.09.12"]
[Round "5"]
[White "Kluger, Hans Peter"]
[Black "Reinke, Kurt"]
[Result "0-1"]
[WhiteElo "1917"]
[BlackElo "1793"]
[PlyCount "66"]
[EventDate "2017.09.08"]
[EventType "swiss"]
[EventRounds "9"]
[EventCountry "GER"]
[SourceTitle "EXT 2019"]
[Source "ChessBase"]
[SourceDate "2018.10.10"]
[SourceVersion "1"]
[SourceVersionDate "2018.10.10"]
[SourceQuality "1"]

1. d4 d5 2. c4 e5 3. e3 e4 4. cxd5 Qxd5 5. a3 Nf6 6. Nc3 Qg5 7. Qc2 Qg6 8. Nb5 Na6 9. Nxc7+ Nxc7 10. Qxc7 Bd7 11. Qxb7 Rc8 12. Ne2 Bd6 13. Ng3 0-0 14. Be2 Rc7 15. Qa6 Rc6 16. Qa5 Rfc8 17. 0-0 Bc7 18. Qe1 a6 19. Bd2 h5 20. f4 h4 21. Nh1 Qh6 22. Qd1 Bd8 23. Bc3 Nd5 24. Bd2 Rc2 25. Bxa6 Qxa6 26. Rb1 Qd3 27. Rf2 Nxe3 28. Qe1 Nf5 29. Re2 Qxd4+ 30. Kf1 Bb5 31. Rd1 Bb6 32. Nf2 e3 33. Bxe3 Nxe3+ 0-1

[Event "Schleswig Holstein-ch Seniors op 10th"]
[Site "Buesum"]
[Date "2016.09.27"]
[Round "2"]
[White "Reinke, Kurt"]
[Black "Walther, Renate"]
[Result "1-0"]
[WhiteElo "1789"]
[BlackElo "1207"]
[PlyCount "47"]
[EventDate "2016.09.26"]
[EventType "swiss"]
[EventRounds "9"]
[EventCountry "GER"]
[SourceTitle "EXT 2019"]
[Source "ChessBase"]
[SourceDate "2018.10.10"]
[SourceVersion "1"]
[SourceVersionDate "2018.10.10"]
[SourceQuality "1"]

1. e4 e5 2. f4 d6 3. Bc4 Nf6 4. Nc3 c6 5. Nf3 exf4 6. 0-0 Be7 7. d3 Be6 8. Bxe6 fxe6 9. Ng5 h6 10. Nxe6 Qd7 11. Nxg7+ Kd8 12. Nf5 Bf8 13. Bxf4 a5 14. Qd2 Na6 15. Rad1 Qe6 16. Bg3 Kd7 17. Nd4 Qf7 18. Bh4 Bg7 19. Nf5 Rae8 20. Nxg7 Qxg7 21. Bxf6 Qg4 22. Bxh8 Rg8 23. Qf2 Ke8 24. Qf7+ 1-0

[Event "Rheinland Pfalz op Seniors 14th"]
[Site "Neustadt an der Weinstrasse"]
[Date "2016.07.20"]
[Round "5"]
[White "Krebs, Dietmar"]
[Black "Reinke, Kurt"]
[Result "1-0"]
[WhiteElo "2002"]
[BlackElo "1808"]
[PlyCount "47"]
[EventDate "2016.07.16"]
[EventType "swiss"]
[EventRounds "9"]
[EventCountry "GER"]
[SourceTitle "EXT 2019"]
[Source "ChessBase"]
[SourceDate "2018.10.10"]
[SourceVersion "1"]
[SourceVersionDate "2018.10.10"]
[SourceQuality "1"]

1. e4 d6 2. d4 e5 3. Nf3 Bg4 4. dxe5 Nd7 5. Be2 dxe5 6. 0-0 Ngf6 7. Nc3 Bd6 8. Bg5 h6 9. Bh4 g5 10. Bg3 Qe7 11. Nd2 Bxe2 12. Qxe2 h5 13. f3 0-0-0 14. Bf2 Nb6 15. a4 Kb8 16. a5 Nbd7 17. Nb3 h4 18. a6 b6 19. Qb5 Nc5 20. Nxc5 Bxc5 21. Qc6 Bxf2+ 22. Rxf2 Kc8 23. Nb5 Rd6 24. Nxd6+ 1-0

[Event "GER-chA Seniors 27th"]
[Site "Magdeburg"]
[Date "2015.08.22"]
[Round "8"]
[White "Reinke, Kurt"]
[Black "Ophoff, Rigobert"]
[Result "1-0"]
[WhiteElo "1906"]
[BlackElo "2009"]
[PlyCount "111"]
[EventDate "2015.08.15"]
[EventType "swiss"]
[EventRounds "9"]
[EventCountry "GER"]
[SourceTitle "EXT 2018"]
[Source "ChessBase"]
[SourceDate "2017.10.13"]
[SourceVersion "1"]
[SourceVersionDate "2017.10.13"]
[SourceQuality "1"]

1. e4 c5 2. b4 b6 3. bxc5 bxc5 4. Bc4 e6 5. Nc3 Nc6 6. Nf3 Nge7 7. 0-0 Ng6 8. d4 cxd4 9. Nxd4 Be7 10. f4 0-0 11. Be3 Nxd4 12. Bxd4 d6 13. f5 exf5 14. exf5 Ne5 15. Bd5 Ba6 16. Rf2 Rc8 17. Ne4 Rc7 18. f6 Bxf6 19. Nxf6+ gxf6 20. Be4 Bb7 21. Bf5 Bc8 22. Qh5 Bxf5 23. Qxf5 Qc8 24. Qxf6 Rxc2 25. Qg5+ Kh8 26. Rf5 f6 27. Qh6 Qa8 28. Bf2 Ng4 29. Qh4 Qe4 30. Rf3 Nxf2 31. Qh6 Rf7 32. Re3 Qa8 33. Rae1 Rc8 34. Kxf2 Rg8 35. g3 Qd8 36. Qh5 Qd7 37. Re6 Rgf8 38. Qd1 d5 39. Qd4 Kg7 40. a4 Rc8 41. R1e2 Rc4 42. Qe3 Rxa4 43. h4 d4 44. Qf3 d3 45. R2e4 Rxe4 46. Rxe4 f5 47. Re1 d2 48. Qc3+ Kg6 49. Rd1 f4 50. h5+ Kh6 51. g4 Qxg4 52. Qc6+ Kg7 53. h6+ Kg8 54. Qa8+ Rf8 55. Qd5+ Rf7 56. Rg1 1-0

[Event "Bad Woerishofen op 31st"]
[Site "Bad Woerishofen"]
[Date "2015.02.28"]
[Round "2"]
[White "Huber, Dorit"]
[Black "Reinke, Kurt"]
[Result "0-1"]
[WhiteElo "1618"]
[BlackElo "1919"]
[PlyCount "96"]
[EventDate "2015.02.27"]
[EventType "swiss"]
[EventRounds "9"]
[EventCountry "GER"]
[SourceTitle "CBM 165 Extra"]
[Source "ChessBase"]
[SourceDate "2015.04.21"]
[SourceVersion "1"]
[SourceVersionDate "2015.04.21"]
[SourceQuality "1"]

1. d4 d6 2. Nf3 Nf6 3. Bf4 Nh5 4. e3 Nxf4 5. exf4 g6 6. Bd3 Bg7 7. 0-0 0-0 8. Nbd2 Bg4 9. h3 Bd7 10. c3 c6 11. Qc2 b5 12. Rfe1 a5 13. a4 b4 14. Qb3 Na6 15. Re2 bxc3 16. bxc3 Rb8 17. Qa2 Nc7 18. Nc4 Nd5 19. Qd2 Rb3 20. Ra3 Rxa3 21. Nxa3 Bh6 22. Qc2 Nxf4 23. Re1 Nxd3 24. Qxd3 Be6 25. Qe2 Re8 26. Rb1 Qc7 27. Qa6 Bc8 28. Qb6 Qxb6 29. Rxb6 Bd7 30. Ra6 Rb8 31. Ra7 Be6 32. Rxe7 Rb3 33. Nc2 Rxc3 34. Nce1 Ra3 35. Rc7 Bd5 36. Rd7 Bf8 37. Ra7 Rxa4 38. Ng5 h6 39. Ngf3 Ra1 40. Kh2 Be4 41. g4 Bg7 42. Ra8+ Kh7 43. Rd8 d5 44. Rc8 Rc1 45. Ra8 c5 46. dxc5 Rxc5 47. Nd2 Be5+ 48. Kg1 Rc1 0-1

[Event "Schleswig Holstein-ch Seniors op"]
[Site "Buesum"]
[Date "2014.09.29"]
[Round "5"]
[White "Potschka, Dieter"]
[Black "Reinke, Kurt"]
[Result "0-1"]
[WhiteElo "1785"]
[BlackElo "1929"]
[PlyCount "94"]
[EventDate "2014.09.25"]
[EventType "swiss"]
[EventRounds "9"]
[EventCountry "GER"]
[SourceTitle "EXT 2018"]
[Source "ChessBase"]
[SourceDate "2017.10.13"]
[SourceVersion "1"]
[SourceVersionDate "2017.10.13"]
[SourceQuality "1"]

1. c4 d6 2. Nc3 e5 3. e4 f5 4. d3 Nf6 5. Be2 Be7 6. Nf3 0-0 7. Nd5 Nxd5 8. cxd5 f4 9. d4 Bf6 10. dxe5 dxe5 11. Bd2 a5 12. Bc3 Qd6 13. h4 h6 14. Qd2 b6 15. b4 a4 16. b5 Nd7 17. Qb2 a3 18. Qd2 Nc5 19. Bd3 Ra4 20. Qc2 Bg4 21. Rb1 Rfa8 22. Nd2 Nxd3+ 23. Qxd3 Qe7 24. g3 fxg3 25. fxg3 Bh5 26. Nc4 Rf8 27. Ne3 Bg6 28. Nf5 Bxf5 29. exf5 e4 30. Bxf6 Qxf6 31. Qb3 Raa8 32. 0-0 Qd6 33. Rbc1 Kh8 34. Rc6 Qe5 35. Re6 Qd4+ 36. Kh1 Ra4 37. f6 Rxf6 38. Rexf6 gxf6 39. d6 Qd3 40. Qxa4 Qxf1+ 41. Kh2 Qf2+ 42. Kh3 Qf5+ 43. Kh2 cxd6 44. Qa8+ Kg7 45. Qxa3 Qf2+ 46. Kh1 e3 47. Qxd6 Qe1+ 0-1

[Event "Hessen-ch Seniors op 10th"]
[Site "Bad Sooden-Allendorf"]
[Date "2014.05.04"]
[Round "9"]
[White "Gerl, Hans Peter"]
[Black "Reinke, Kurt"]
[Result "0-1"]
[WhiteElo "2060"]
[BlackElo "1884"]
[PlyCount "66"]
[EventDate "2014.04.26"]
[EventType "swiss"]
[EventRounds "9"]
[EventCountry "GER"]
[SourceTitle "EXT 2018"]
[Source "ChessBase"]
[SourceDate "2017.10.13"]
[SourceVersion "1"]
[SourceVersionDate "2017.10.13"]
[SourceQuality "1"]

1. d4 d6 2. Nf3 Bg4 3. c4 Nd7 4. e4 e5 5. d5 f5 6. Nc3 Ngf6 7. h3 Bxf3 8. gxf3 f4 9. Bd2 Be7 10. Qc2 0-0 11. h4 Nh5 12. Bh3 Kh8 13. Ke2 a6 14. Bg4 Ndf6 15. Be6 Qe8 16. b4 b5 17. cxb5 axb5 18. Qd3 Rb8 19. a3 Rb6 20. a4 bxa4 21. Nxa4 Rb8 22. Rhc1 Bd8 23. Rc6 Qg6 24. Bh3 Ra8 25. Qb3 Ng8 26. Bc3 Bxh4 27. Rf1 Rfb8 28. Qc4 Rxa4 29. Qb3 Rba8 30. Bxe5 Ng3+ 31. fxg3 Qxg3 32. Bd4 Qxh3 33. Rxc7 Ra2+ 0-1

[Event "Hessen-ch Seniors op 10th"]
[Site "Bad Sooden-Allendorf"]
[Date "2014.04.29"]
[Round "4"]
[White "Reinke, Kurt"]
[Black "Schumacher, Helmut"]
[Result "1/2-1/2"]
[WhiteElo "1884"]
[BlackElo "2033"]
[PlyCount "44"]
[EventDate "2014.04.26"]
[EventType "swiss"]
[EventRounds "9"]
[EventCountry "GER"]
[SourceTitle "EXT 2018"]
[Source "ChessBase"]
[SourceDate "2017.10.13"]
[SourceVersion "1"]
[SourceVersionDate "2017.10.13"]
[SourceQuality "1"]

1. d4 d5 2. c4 e6 3. Nf3 c6 4. Nc3 Nf6 5. Bg5 dxc4 6. e4 b5 7. e5 h6 8. Bh4 g5 9. Nxg5 hxg5 10. Bxg5 Nbd7 11. exf6 Qb6 12. g3 Bb7 13. Bg2 0-0-0 14. a4 Bh6 15. a5 Qa6 16. Ne4 c5 17. Be3 Bxe3 18. fxe3 Bxe4 19. Bxe4 Nxf6 20. Bg2 cxd4 21. Qf3 Nd5 22. exd4 f5 1/2-1/2

[Event "Hessen-ch Seniors op 10th"]
[Site "Bad Sooden-Allendorf"]
[Date "2014.04.27"]
[Round "2"]
[White "Reinke, Kurt"]
[Black "Zoll, Theobald"]
[Result "1-0"]
[WhiteElo "1884"]
[BlackElo "1733"]
[PlyCount "21"]
[EventDate "2014.04.26"]
[EventType "swiss"]
[EventRounds "9"]
[EventCountry "GER"]
[SourceTitle "EXT 2018"]
[Source "ChessBase"]
[SourceDate "2017.10.13"]
[SourceVersion "1"]
[SourceVersionDate "2017.10.13"]
[SourceQuality "1"]

1. d4 d5 2. c4 e6 3. Nc3 Nf6 4. Nf3 c5 5. e3 a6 6. Ne5 dxc4 7. Bxc4 b5 8. Bd3 Bb7 9. 0-0 cxd4 10. exd4 Qxd4 11. Bxb5+ 1-0

[Event "Bad Woerishofen Seniors op 30th"]
[Site "Bad Woerishofen"]
[Date "2014.03.25"]
[Round "5"]
[White "Reinke, Kurt"]
[Black "Scholtyssek, Werner"]
[Result "1-0"]
[WhiteElo "1884"]
[BlackElo "1799"]
[PlyCount "43"]
[EventDate "2014.03.21"]
[EventType "swiss"]
[EventRounds "9"]
[EventCountry "GER"]
[SourceTitle "EXT 2019"]
[Source "ChessBase"]
[SourceDate "2018.10.10"]
[SourceVersion "1"]
[SourceVersionDate "2018.10.10"]
[SourceQuality "1"]

1. d4 c5 2. d5 d6 3. c4 g6 4. e4 Bg7 5. Nc3 e6 6. Bd3 Ne7 7. Bg5 0-0 8. Nge2 Bd7 9. Qd2 e5 10. 0-0 Qe8 11. Ng3 f6 12. Be3 a6 13. f4 f5 14. fxe5 Bxe5 15. exf5 Bxg3 16. hxg3 Bxf5 17. Bf4 Rf6 18. Rae1 Nd7 19. Bg5 Rf7 20. Bxf5 gxf5 21. Bxe7 Rxe7 22. Qg5+ 1-0

[Event "Bad Woerishofen Seniors op 30th"]
[Site "Bad Woerishofen"]
[Date "2014.03.23"]
[Round "3"]
[White "Reinke, Kurt"]
[Black "Kearsley, Raymond J"]
[Result "0-1"]
[WhiteElo "1884"]
[BlackElo "1700"]
[PlyCount "84"]
[EventDate "2014.03.21"]
[EventType "swiss"]
[EventRounds "9"]
[EventCountry "GER"]
[SourceTitle "EXT 2019"]
[Source "ChessBase"]
[SourceDate "2018.10.10"]
[SourceVersion "1"]
[SourceVersionDate "2018.10.10"]
[SourceQuality "1"]

1. d4 Nf6 2. c4 e5 3. dxe5 Ng4 4. Nf3 Nc6 5. Bf4 Bb4+ 6. Nbd2 Qe7 7. e3 Ngxe5 8. Nxe5 Nxe5 9. a3 Bxd2+ 10. Qxd2 d6 11. Be2 0-0 12. 0-0 Be6 13. c5 f6 14. cxd6 cxd6 15. Qb4 Rac8 16. Rfd1 Rc6 17. Rac1 Rfc8 18. Rxc6 Rxc6 19. h3 Qc7 20. Bg3 Rc5 21. Qa4 b5 22. Bxb5 Qb6 23. Bf1 Kf7 24. b4 Rc3 25. Rb1 Bf5 26. Bxe5 dxe5 27. Rd1 Qc7 28. e4 Bc8 29. Bb5 g6 30. Bd7 Bb7 31. Be8+ Kf8 32. Rd7 Qc6 33. Rf7+ Kxe8 34. Qxc6+ Bxc6 35. Rxa7 Bxe4 36. a4 h5 37. b5 Rc8 38. f3 Bd5 39. Rg7 Bf7 40. Rh7 Kf8 41. Rh8+ Bg8 42. a5 Rc5 0-1

[Event "GER-ch Seniors"]
[Site "Dresden"]
[Date "2012.08.13"]
[Round "5"]
[White "Ophoff, Rigobert"]
[Black "Reinke, Kurt"]
[Result "1/2-1/2"]
[WhiteElo "1988"]
[BlackElo "1946"]
[PlyCount "111"]
[EventDate "2012.08.09"]
[EventType "swiss"]
[EventRounds "9"]
[EventCountry "GER"]
[SourceTitle "EXT 2014"]
[Source "ChessBase"]
[SourceDate "2013.11.20"]
[SourceVersion "1"]
[SourceVersionDate "2013.11.20"]
[SourceQuality "1"]

1. d4 d5 2. Nf3 Nf6 3. c4 c6 4. Nc3 e6 5. e3 Bd6 6. Bd3 Nbd7 7. 0-0 0-0 8. e4 dxe4 9. Nxe4 Nxe4 10. Bxe4 Nf6 11. Bc2 Re8 12. Bg5 g6 13. Qd2 Bf8 14. Rad1 Bg7 15. Rfe1 Qb6 16. b3 Nd7 17. Be3 Qd8 18. Bf4 Nf8 19. h3 f6 20. c5 b6 21. Bd6 bxc5 22. Bxc5 Nd7 23. Qc3 Nb6 24. Be4 Nd5 25. Bxd5 cxd5 26. Rc1 Bd7 27. Qd2 a5 28. a3 Rb8 29. b4 axb4 30. axb4 Bb5 31. Ra1 Ra8 32. Ra5 Rxa5 33. bxa5 Qd7 34. Qb4 e5 35. Rb1 Bd3 36. Rb3 Qf5 37. Ne1 Bc4 38. Rb1 exd4 39. Bxd4 Bf8 40. Qb6 Bd6 41. Nf3 Rb8 42. Qxb8+ Bxb8 43. Rxb8+ Kg7 44. Rb6 Qc2 45. Rxf6 Kg8 46. a6 Qb1+ 47. Kh2 Qb8+ 48. g3 Qc8 49. a7 Ba6 50. Ng5 Bb7 51. Ne6 Ba8 52. Rf8+ Qxf8 53. Nxf8 Kxf8 54. g4 Kf7 55. f4 Ke6 56. Kg2 1/2-1/2